Concrete technology (Record no. 4023)

000 -LEADER
fixed length control field 00455nam a22001817a 4500
001 - CONTROL NUMBER
control field 4023
003 - CONTROL NUMBER IDENTIFIER
control field BD-DhUET
008 - FIXED-LENGTH DATA ELEMENTS--GENERAL INFORMATION
fixed length control field 141111b xxu||||| |||| 00| 0 eng d
040 ## - CATALOGING SOURCE
Transcribing agency 0
Modifying agency BD-DhUET
082 ## - DEWEY DECIMAL CLASSIFICATION NUMBER
Classification number 620.136
Item number SHE/1982
100 ## - MAIN ENTRY--PERSONAL NAME
Personal name Shetty, M. S.
245 ## - TITLE STATEMENT
Title Concrete technology
Remainder of title theory and practice
250 ## - EDITION STATEMENT
Edition statement 1st ed.
260 ## - PUBLICATION, DISTRIBUTION, ETC. (IMPRINT)
Place of publication, distribution, etc. New Delhi
Name of publisher, distributor, etc. S. Chand
Date of publication, distribution, etc. 1982
300 ## - PHYSICAL DESCRIPTION
Extent xiv, 592p.
Other physical details ill.
650 #0 - SUBJECT ADDED ENTRY--TOPICAL TERM
Topical term or geographic name as entry element Concrete - Engineering
942 ## - ADDED ENTRY ELEMENTS (KOHA)
Koha item type General Book
Holdings
Koha issues (times borrowed) Copy number Koha date last borrowed Date acquired Price effective from Withdrawn status Damaged status Koha normalized classification for sorting Koha full call number Koha date last seen Shelving location Not for loan Piece designation (barcode) Lost status Source of classification or shelving scheme Koha collection Location (home branch) Koha item type Sublocation or collection (holding branch)
122014-11-112014-11-112014-11-11  620_000000000000000_136SHE1982620.136/SHE/19822014-12-23Circulation section 58310   Central Library, BUETGeneral BookCentral Library, BUET
112014-11-162014-11-162014-11-16  620_000000000000000_136SHE1982620.136/SHE/19822017-06-05Circulation section 56438   Central Library, BUETGeneral BookCentral Library, BUET
132014-11-182014-11-182014-11-18  620_136000000000000_SHE_1982620.136/SHE/19822016-09-03Circulation section 58315   Central Library, BUETGeneral BookCentral Library, BUET
242016-03-052014-11-262014-11-26  620_000000000000000_136SHE1982620.136/SHE/19822016-08-21Circulation section 58312   Central Library, BUETGeneral BookCentral Library, BUET
 5 2015-02-052015-02-05  620_136000000000000_SHE_1982620.136/SHE/19822015-02-05Circulation section 58311  Non FictionCentral Library, BUETGeneral BookCentral Library, BUET
 6 2015-06-142015-06-14  620_136000000000000_SHE_1982620.136/SHE/19822015-06-14Reading section 58308   Central Library, BUETReading ItemCentral Library, BUET
 7 2015-06-152015-06-15  620_136000000000000_SHE_1982620.136/SHE/19822015-06-15Reading section 58309   Central Library, BUETReading ItemCentral Library, BUET
 8 2015-06-162015-06-16  620_136000000000000_SHE_1982620.136/SHE/19822015-06-16Reading section 58313   Central Library, BUETReading ItemCentral Library, BUET
 9 2015-06-162015-06-16  620_136000000000000_SHE_1982620.136/SHE/19822015-06-16Reading section 58314   Central Library, BUETReading ItemCentral Library, BUET
 10 2015-06-202015-06-20  620_136000000000000_SHE_1982620.136/SHE/19822015-06-20Reading section 58316   Central Library, BUETReading ItemCentral Library, BUET
 11 2015-06-232015-06-23  620_136000000000000_SHE_1982620.136/SHE/19822015-06-23Reading section 55327   Central Library, BUETReading ItemCentral Library, BUET